The Blackwater Lightship /

সংরক্ষণ করুন:
গ্রন্থ-পঞ্জীর বিবরন
প্রধান লেখক: Tóibín, Colm (লেখক)
বিন্যাস: গ্রন্থ
ভাষা:ইংরেজি
প্রকাশিত: London : Picador, 1999
ট্যাগগুলো: ট্যাগ যুক্ত করুন
কোনো ট্যাগ নেই, প্রথমজন হিসাবে ট্যাগ করুন!

MARC

LEADER 00000nam a22000007i 4500
001 IT\ICCU\RMS\0092380
003 ItRI
005 20260115231815.0
008 000914s1999 xxk|||||| ||||| |||||c
020 |a 0330396331 
040 |b ita  |c importazione bologna sebina 
041 7 |a eng  |2 ISO-639-2 
100 1 |a Tóibín, Colm  |0 IT\ICCU\CFIV\115377  |4 aut 
245 1 4 |a The Blackwater Lightship /  |c Colm Toibin. 
260 |a London :  |b Picador,  |c 1999 
300 |a 273 p. ;  |c 18 cm 
942 |2 ddc  |c BK  |n 0 
952 |0 0  |1 0  |4 0  |6 DOC_823_500000000000000_TOI  |7 0  |9 13133  |a BO  |b BO  |d 2026-01-15  |i 7551  |l 0  |o DOC 823.5 TOI  |p BO7551  |r 2026-01-15 23:18:15  |w 2026-01-15  |x [Sebina 5] [1 v.]  |y BK  |z 1 v. 
999 |c 11261  |d 11261